00339nam a2200109Ia 4500008004000000082001600040100003400056245008000090250000500170260004200175300001200217210210b1979 xxu||||| |||| 00| 0 eng d a954.03 GRON aGROVER (B L) and SETHI (R R). aNew look on modern Indian history (from 1707 to the present day). Rev Ed 5. a aNew Delhi.bS. Chand & Co. Ltd.c1979 axiv,563